| 000 | 00646nam a2200193 a 4500 | ||
|---|---|---|---|
| 003 | PILC | ||
| 005 | 20150112093443.0 | ||
| 008 | 100727s19uu xx 00 eng d | ||
| 020 | _a9719222107 | ||
| 050 |
_aHF 5386 _b.T36 2000 |
||
| 082 |
_aSFf 158.1 _bT15 2000 |
||
| 100 |
_aTan-Ledesma, Genevive _920768 |
||
| 245 |
_a6 qualities of high achiever : _bSkills building manual / _cGenevive Tan-Ledesma |
||
| 260 |
_aLas PiƱas City, Philippines : _bActum Publications, _c2000. |
||
| 300 |
_a166 pages : _c26 cm. |
||
| 650 |
_aAchievers - Hanbooks, manuals, etc. _920769 |
||
| 650 |
_aSuccess - Hanbook, manuals, etc. _920770 |
||
| 942 |
_2lcc _cBK |
||
| 999 |
_c14808 _d14808 |
||